000 00554nam a22001697a 4500
003 OSt
005 20220413075330.0
008 160421b xxu||||| |||| 00| 0 eng d
040 _aMMU
_beng
_cMMU
_dMMU
050 _aSB482 .A3 1968
245 _aAdministrative policies :
_bfor recreation areas of the national park system ,national scenic riverways/
_cSkwart l. Udall.
260 _aWashington D.C. :
_bNational Park Services,
_c1968.
300 _a108 p. :
500 _aincludes index
650 _anational park management
942 _2lcc
_cLOAN LOAN
999 _c17039
_d17039